Les pilotes Stewart/Jaguar en Formule 1 - Statistiques

Statistiques générales
  • Ce quiz a été pris 151 fois
    83 depuis la dernière actualisation
  • Le résultat moyen est 6 sur 11
Statistiques - réponses
Nb de Grands Prix Saisons Nationalité Pilote % Correct
34 2003-2004 Australie Mark Webber
90%
9 1998 Pays-Bas Jos Verstappen
76%
49 1997-1999 Brésil Rubens Barrichello
75%
50 2000-2002 Royaume-Uni Eddie Irvine
69%
24 1997-1998 Danemark Jan Magnussen
69%
32 1999-2000 Royaume-Uni Johnny Herbert
61%
18 2004 Autriche Christian Klien
54%
30 2001-2002 Espagne Pedro de la Rosa
54%
11 2003 Brésil Antonio Pizzonia
31%
5 2000-2001 Brésil Luciano Burti
31%
5 2003 Royaume-Uni Justin Wilson
25%
Aucun quiz correspondant
Distribution des résultats
% des personnes avec chaque résultat
Percentile par nombre de réponses
Votre historique - résultats
Vous n’avez pas pris ce quiz depuis la dernière actualisation